000 00603nam a2200241Ia 4500
005 20250425161331.0
008 250425s9999 xx 000 0 und d
020 _a8432963097
041 _aspa
082 _a621.38836
100 _aRUIZ VASSALLO, FRANCISCO
245 0 _aMANUAL DE ANTENAS RECEPTORAS PARA TV Y FM
250 _a6A ED.
260 _aBARCELONA
260 _aEspaƱa
_bCEAC
_c1991
300 _a208
650 _aAMPLIFICADORES DE ANTENA
650 _aANTENAS DE TELEVISION
650 _aANTENAS DIPOLO
650 _aANTENAS RECEPTORAS
942 _c01
010 _a17971
999 _c207132
_d207132